Normal view MARC view

Entry Personal Name

Number of records used in: 4

001 - CONTROL NUMBER

  • control field: 13669

003 - CONTROL NUMBER IDENTIFIER

  • control field: dpl

005 - DATE AND TIME OF LATEST TRANSACTION

  • control field: 20100814164157.0

008 - FIXED-LENGTH DATA ELEMENTS

  • fixed length control field: 100814|||a|||||| | ||| d

040 ## - CATALOGING SOURCE

  • Original cataloging agency: dpl
  • Transcribing agency: dpl

100 ## - HEADING--PERSONAL NAME

  • Personal name: Nawas, P. Mohideen Askar

670 ## - SOURCE DATA FOUND

  • Source citation: Work cat.: (dpl): Nawas, P. Mohideen Askar, Dynamics of coastal and estuarine environmental /, 2009

670 ## - SOURCE DATA FOUND

  • Source citation: Work cat.: (dpl): Nawas, P. Mohideen Askar, Dynamics of coastal and estuarine environmental /, 2009

© Delhi Public Library
Hit Counter
free hit counter